01266nam a2200301 a 4500001001300000003000900013005001700022008004100039020001800080040002800098041000800126082001900134100002100153245013600174250005100310260005500361300002900416504005600445534008700501650005300588650005400641700003800695700004200733700004100775942001200816999001700828952011900845C01462923c-5CO-ViMGA20230915234538.0141229s2012 ilu gr 000 0 spa d a9781414367415 aCO-ViMGAbspacCO-ViMGA1 heng04a616.994 bE41e1 aEib, Lynn.9953713aUn encuentro entre Dios y el cáncer : bhistorias verídicas de esperanza y sanidad / cLynn Eib ; traducción Raquel Monsalve. aEdición Lisa A. Jackson, Mafalda E. Novella. aCarol Stream : bTyndale House Publishers, c2012. a189 páginas ; c21 cm. aIncluye referencias bibliográficas (página 189) pTítulo original : tWhen God and cancer meet : true stories of hope and healing.14aCáncerx Cuidadosx Aspectos religiosos.9953814aEnfermos de cáncerx Aspectos religiosos.995391 aJackson, Lisa A, eeditora.995411 aMonsalve, Raquel, etraductora.995401 aNovella, Mafalda E, eeditora.99542 2ddccBK c37964d37964 00102ddc40708002aMEVIECARbMEVIECARd2017-05-23l0o616.994 E41ep032163r2017-05-23 00:00:00w2017-05-23yBK